000 03438nam a2200301 a 4500
003 OSt
005 20250820140545.0
008 250815s2016 uk a|||fr|||| 00| 0 eng d
020 _a978-1-84593-994-6
040 _aCHAP
_cPA
_erda
041 _aeng
_beng
_feng
_heng
082 0 0 _aPA 595.42
_b.V33 2016
100 _aVacante, Vincenzo
_eautor.
_9191039
245 _aThe handbook of mites of economic plants :
_bIdentification, bio-ecology and control /
_cVincenzo Vacante
264 _aWallingford :
_bCABI,
_c2016.
300 _axvii, 872 páginas :
_bilustraciones
336 _2rdacontent
_atexto
_btxt
337 _2rdamedia
_asin medio
_bn
338 _2rdacarrier
_avolumen
_bnc
504 _aIncluye bibliografía e índice
505 _aPreface.-- Acknowledgements.-- Part I INTRODUCTION.-- 1. Introduction to the Acari.-- 2. External Morphology.-- 3. Internal Morphology.-- 4. Biology.-- 5. Ecology.-- 6. Collecting and Detecting, Preserving, Preparing and Rearing.-- 7. Mites and Plant Damage.-- 8. Mites as Biocontrol Agents of Weeds.-- 9. Control.-- 10. Brief History of the Main Published Works on the Mites of Economic Plants.-- 11. Classification of and Key for the Identification of Major Taxa. -- Part II. MITES INJURIOUS TO ECONOMIC PLANTS.-- 12. The Family Histiostomatidae Berlese.-- 13. The Family Acaridae Latreille.-- 14. The Family Erythraeidae Robineau-Desvoidy.-- 15. The Family Penthaleidae Oudemans.-- 16. The Family Eriophyidae Nalepa.-- 17.The Family Phytoptidae Murray.-- 18. The Family Diptilomiopidae Keifer.-- 19. The Family Tuckerellidae Baker et Pritchard.-- 20. The Family Tetranychidae Donnadieu.-- 21. The Family Tenuipalpidae Berlese.-- 22. The Family Tarsonemidae Canestrini et Fanzago.-- 23. Minor Families.-- References.-- Taxonomic Index.-- Subject Index.
520 _bEste manual ofrece una cobertura exhaustiva de los ácaros y los problemas que causan a los cultivos. Además, es fácil de buscar, está organizado por especie y se subdivide en útiles encabezados. Ofrece una visión global del problema de los ácaros perjudiciales para las plantas de importancia económica, describiendo los ácaros prevalentes en diferentes regiones y analizando los métodos de control adecuados para diferentes entornos. Este libro ofrece una referencia enciclopédica sobre los principales ácaros, descritos por familia en términos de su morfología interna y externa, bioecología y sistemática familiar. Se describen los métodos de recolección de ácaros y su estudio en laboratorio, así como las características diagnósticas de las especies, su distribución mundial, las plantas hospedantes, la identificación por el tipo de daño que causan y las estrategias de control, incluyendo la intervención química y biológica y las medidas de manejo integrado de plagas. Los ácaros de las siguientes familias son Eriophyoidea, Tarsonemidae, Tuckerellidae, Tenuipalpidae, Tetranychidae, Acaridae, Penthaleidae. El Manual de ácaros de plantas económicas es un recurso importante para estudiantes de entomología y producción de cultivos, y como una guía de referencia completa para investigadores y trabajadores de campo involucrados con ácaros, daños a los cultivos y producción de alimentos.
534 _pTítulo original:
650 7 _aÁcaros
_982376
650 7 _aÁcaros
_xIdentificación
_982380
650 2 _aÁcaros
_xControl biológico
_9130905
942 _2ddc
_cLIBRO
999 _c220815
_d220815